| 000 | 00582nac a22001811u 4500 | ||
|---|---|---|---|
| 008 | 100831s2003 nju|||||r|||| 00| 0 eng d | ||
| 010 | _a2002066216 | ||
| 020 | _a0130970484 | ||
| 020 | _a9780130970480 | ||
| 082 | 0 | 0 |
_a004.6068 _bWIS _222 |
| 100 |
_aWisniewski, Steve. _917742 |
||
| 245 | 1 | 0 |
_aAdvanced network administration / _cSteve Wisniewski. |
| 260 |
_aUpper Saddle River, NJ : _bPrentice Hall, _cc2003. |
||
| 300 |
_axviii, 1005 p. : _bill. ; _c25 cm. |
||
| 500 | _aIncludes index. | ||
| 650 | 0 |
_aComputer networks _xManagement. _917743 |
|
| 942 |
_cBB _k004.6068 WIS _2ddc |
||
| 999 |
_c642 _d642 |
||